Evaluación del efecto de la concentración de anhídrido acético, temperatura y tiempo en la reacción de acetilación para la modificación química de Calophyllum brasiliense y Enterolobium cyclocarpum
Furkejuvvon:
| Váldodahkki: | |
|---|---|
| Materiálatiipa: | Girji |
| Giella: | Spanish |
| Almmustuhtton: |
San José, Costa Rica
2013
|
| Fáttát: | |
| Fáddágilkorat: |
Lasit fáddágilkoriid
Eai fáddágilkorat, Lasit vuosttaš fáddágilkora!
|
MARC
| LEADER | 00000nam a22000007a 4500 | ||
|---|---|---|---|
| 003 | 011746 | ||
| 005 | 20230825111339.0 | ||
| 008 | 150929b2013 cr a|||| |||| 00| 0 spa d | ||
| 040 | |c cru CEDI | ||
| 090 | |a TFG 6916 | ||
| 100 | |a Cascante Ramírez, Jhonny |d Director de Proyecto Eléctrico |9 1216 | ||
| 245 | |a Evaluación del efecto de la concentración de anhídrido acético, temperatura y tiempo en la reacción de acetilación para la modificación química de Calophyllum brasiliense y Enterolobium cyclocarpum | ||
| 260 | |a San José, Costa Rica |c 2013 | ||
| 500 | |a Proyecto de graduación (licenciatura en ingeniería química)--Universidad de Costa Rica. Facultad de Ingeniería. Escuela de Ingeniería Química | ||
| 648 | |x ANALISIS QUIMICO DE LA MADERA |x ACETILACION - PRUEBAS |x CEDROS |x ANALISIS QUIMICO DE LA MADERA |x ACETILACION - PRUEBAS |x ANHIDRIDOS ACETICOS - PRUEBAS |x INGENIERÍA QUÍMICA - EXPERIMENTOS |x REACCIONES QUIMICAS |x GUANACASTE (ARBOL) |9 1217 | ||
| 942 | |c TFG | ||
| 999 | |c 14029 |d 14029 | ||
